Normal view
MARC view
Entry Geographic Name
001 - CONTROL NUMBER
- control field: 44762
003 - CONTROL NUMBER IDENTIFIER
- control field: ARRUPE
005 - DATE AND TIME OF LATEST TRANSACTION
- control field: 20190219111751.0
008 - FIXED-LENGTH DATA ELEMENTS
- fixed length control field: 190219|| aca||aabn | a|a d
040 ## - CATALOGING SOURCE
- Original cataloging agency: ARRUPE
- Transcribing agency: ARRUPE
151 ## - HEADING--GEOGRAPHIC NAME
- Geographic name: Ethiopia
- General subdivision: History
- Chronological subdivision: 19th century.
670 ## - SOURCE DATA FOUND
- Source citation: Work cat.: (ARRUPE)0: Bahru Zewde. 42031, A history of modern Ethiopia, 1855-1974 /, 1991.